00990cam a2200313 a 45000010008000000030004000080050017000120080041000290100017000700200015000870400018001020500023001200820035001431000022001782450070002002500012002702600030002823000035003124400034003475000020003815210022004015260016004235410006004395620006004456500045004517000022004968560085005188560073006032067623OSt20140310182648.0940216s1995 ilua 001 0 eng  a 94007619  a9717471525 aDLCcDLCdDLC00aHN 29b.Al459 199500aM 301.0723 bAl7 199522nd ed.1 aAlreck, Pamela L.14aThe survey research handbook /cAlreck, Pamela; Settle, Robert B. a2nd ed. aChicago :bIrwin,cc1995. axxvi, 470 p. :bill. ;c23 cm. 4aThe Irwin series in marketing aIncludes index. aCollege Students  c1210L-1700L j1 e1 0aSocial surveysxHandbooks, manuals, etc.1 aSettle, Robert B.423Publisher descriptionuhttp://www.loc.gov/catdir/description/mh022/94007619.html413Table of contentsuhttp://www.loc.gov/catdir/toc/mh022/94007619.html